Statutes. (Record no. 51366)

MARC details
000 -LEADER
fixed length control field 00800cam a22002411 4500
001 - CONTROL NUMBER
control field pa 58000032
003 - CONTROL NUMBER IDENTIFIER
control field DLC
005 - DATE AND TIME OF LATEST TRANSACTION
control field 20260227111854.0
008 - FIXED-LENGTH DATA ELEMENTS--GENERAL INFORMATION
fixed length control field 870529s1958 dcu 000 0 eng c
010 ## - LIBRARY OF CONGRESS CONTROL NUMBER
LC control number pa 58000032
035 ## - SYSTEM CONTROL NUMBER
System control number (OCoLC)15748454
040 ## - CATALOGING SOURCE
Original cataloging agency Pan American Union. Library
Transcribing agency MWelC
Modifying agency DLC
041 1# - LANGUAGE CODE
Language code of text/sound track or separate title eng
Language code of original spa
042 ## - AUTHENTICATION CODE
Authentication code premarc
043 ## - GEOGRAPHIC AREA CODE
Geographic area code n------
-- s------
050 00 - LIBRARY OF CONGRESS CALL NUMBER
Classification number KDZ1182
Item number .A18 1958
110 2# - MAIN ENTRY--CORPORATE NAME
Corporate name or jurisdiction name as entry element Inter-American Council of Jurists.
245 00 - TITLE STATEMENT
Title Statutes.
Statement of responsibility, etc. Translations of the Spanish text approved by the Council on the Organization of American States on April 18, 1951, and amended on May 28, 1957.
260 ## - PUBLICATION, DISTRIBUTION, ETC.
Place of publication, distribution, etc. Washington,
Name of publisher, distributor, etc. Pan American Union,
Date of publication, distribution, etc. 1958.
300 ## - PHYSICAL DESCRIPTION
Extent 9 p.
Dimensions 21 cm.
610 20 - SUBJECT ADDED ENTRY--CORPORATE NAME
Corporate name or jurisdiction name as entry element Inter-American Council of Jurists.
650 #0 - SUBJECT ADDED ENTRY--TOPICAL TERM
Topical term or geographic name entry element Law
Geographic subdivision America.

No items available.

Powered by Koha